| 000 | 00913cam a22002893a 4500 | ||
|---|---|---|---|
| 001 | 1092 | ||
| 005 | 20230908160553.0 | ||
| 020 | _a078073004997 | ||
| 040 |
_aZAB _cZAB _dUPZ _dSLC _dOCL _dOCLCQ _dDLC _beng |
||
| 050 | 0 | 0 | _aPZ7.A6485 |
| 082 | 0 | 0 | _aFic |
| 100 | 1 | _aApplegate, Katherine. | |
| 245 | 1 | 4 |
_aThe threat / _cK.A. Applegate. |
| 260 |
_aNew York : _bScholastic, _c1998. |
||
| 300 |
_a158 pages : _billustrations ; _c20 cm. |
||
| 490 |
_aAnimorphs _vBook 21 |
||
| 500 | _a"An Apple paperback." | ||
| 505 | _aN | ||
| 520 | _aThe newest Animorph may prove a greater threat to the team than the Yeerks who are again threatening the world. | ||
| 521 |
_a560
_bLexile |
||
| 521 |
_aN
_bRaz-Plus |
||
| 650 | 0 | _aScience fiction. | |
| 650 | 0 |
_aMetamorphosis _vJuvenile fiction. |
|
| 655 | 7 |
_aChildren's stories. _2lcsh |
|
| 906 |
_a7 _bcbc _ccopycat _d2 _encip _f19 _gy-genrareb |
||
| 942 |
_2ddc _cBK _n0 |
||
| 999 |
_c1092 _d1092 |
||